Firemní kultura aneb 1000 + 1 polibek
O firemnej kultúre v spoločnosti Avon Cosmetics. Základné hodnoty firemnej kultúry.
Gespeichert in:
| 1. Verfasser: | |
|---|---|
| Format: | Buchkapitel |
| Sprache: | Tschechisch |
| Schlagworte: | |
| Tags: |
Keine Tags, Fügen Sie das erste Tag hinzu!
|
MARC
| LEADER | 00000naa a2200000 4500 | ||
|---|---|---|---|
| 001 | 0117579 | ||
| 005 | 20231113132249.3 | ||
| 041 | 0 | |a cze | |
| 044 | |a CZ | ||
| 245 | 1 | 0 | |a Firemní kultura aneb 1000 + 1 polibek |c Roman Závůrka |
| 520 | |a O firemnej kultúre v spoločnosti Avon Cosmetics. Základné hodnoty firemnej kultúry. | ||
| 610 | 2 | 0 | |a kultúra podniková |
| 610 | 2 | 0 | |a spoločnosti nadnárodné |
| 100 | 1 | |a Závůrka, Roman | |